| 000 -ლიდერი |
| ფიქსირებული სიგრძის საკონტროლო ველი |
01155nam a2200253Ia 4500 |
| 001 - საკონტროლო ნომერი |
| საკონტროლო ველი |
20076 |
| 003 - საკონტროლო ნომრის იდენტიფიკატორი |
| საკონტროლო ველი |
GE_BSU |
| 005 - ბოლო ოპერაციის თარიღი და დრო |
| საკონტროლო ველი |
20250422174143.0 |
| 008 - ფიქსირებული სიგრძის მონაცემთა ელემენტები - ზოგადი ინფორმაცია |
| ფიქსირებული სიგრძის საკონტროლო ველი |
181216s2011||||ge |||||||||||||| ||geo|| |
| 020 ## - წიგნის საერთაშორისო სტანდარტული ნომერი |
| International Standard Book Number |
978-9941-10-317-9 |
| 040 ## - კატალოგიზაციის წყარო |
| Transcribing agency |
GE_BSU |
| 041 ## - ენის კოდი |
| Language code of text/sound track or separate title |
geo |
| 080 ## - უნივერსალური ათობითი კლასიფიკაციის ინდექსი |
| Universal Decimal Classification number |
821.353.1-31დ-78 |
| 100 ## - მთავარი ჩანაწერი - პიროვნების სახელი |
| Personal name |
დოჩანაშვილი, გ. (გურამ) |
| 9 (RLIN) |
24105 |
| 245 ## - ცნობა სათაურის შესახებ |
| Title |
სამოსელი პირველი [ტექსტი] : |
| Remainder of title |
[რომანი] / |
| Statement of responsibility, etc |
გურამ დოჩანაშვილი ; რედაქტორი ნელი ელიზბარაშვილი ; მხატვარი ვახტანგ რურუა. |
| 264 ## - წარმოების, გამოცემის, დისტრიბუციის და სხვა ცნობები |
| გამოცემის, წარმოების, დისტრიბუციის... ადგილი |
თბილისი : |
| გამოცემის, წარმოების, დისტრიბუციის... სახელწოდება |
მერიდიანი, |
| გამოცემის, წარმოების, დისტრიბუციის... თარიღი |
2011. |
| 300 ## - ფიზიკური აღწერა |
| Extent |
664 გვ. : |
| Other physical details |
ნახ. ; |
| Dimensions |
21 სმ. |
| 653 ## - INDEX TERM--UNCONTROLLED |
| Uncontrolled term |
რომანი |
| 653 ## - INDEX TERM--UNCONTROLLED |
| Uncontrolled term |
სამოსელი პირველი |
| 700 ## - ADDED ENTRY--PERSONAL NAME |
| Personal name |
ელიზბარაშვილი, ნელი |
| Relator term |
რედაქტორი |
| 9 (RLIN) |
2498 |
| 700 ## - ADDED ENTRY--PERSONAL NAME |
| Personal name |
რურუა, ვახტანგ, |
| Relator term |
მხატვარი |
| 9 (RLIN) |
18658 |
| 942 ## - ADDED ENTRY ELEMENTS (KOHA) |
| Koha item type |
წიგნი |
| Source of classification or shelving scheme |
|